La Argentina, estructura humana y económica (Registro nro. 2852)

Detalles MARC
000 -LEADER
fixed length control field 01716 a2200229 4500
001 - CONTROL NUMBER
control field 38064
005 - DATE AND TIME OF LATEST TRANSACTION
control field 20260407155646.0
008 - FIXED-LENGTH DATA ELEMENTS--GENERAL INFORMATION
fixed length control field 260407a1996 arg spa d
003 - CONTROL NUMBER IDENTIFIER
control field AR-UNSa-BCEJYS
040 ## - CATALOGING SOURCE
Original cataloging agency AR-UNSa-BCEJYS
Language of cataloging spa
Transcribing agency AR-UNSa-BCEJYS
080 ## - UNIVERSAL DECIMAL CLASSIFICATION NUMBER
Universal Decimal Classification number 911.3:33(82)
Common auxiliary subdivision Geografía económica argentina
100 1# - MAIN ENTRY--PERSONAL NAME
Personal name Carlevari, Isidro J.F.
245 10 - TITLE STATEMENT
Title La Argentina, estructura humana y económica
250 ## - EDITION STATEMENT
Edition statement 12a. ed
264 #1 - PRODUCTION, PUBLICATION, DISTRIBUTION, MANUFACTURE, AND COPYRIGHT NOTICE
Place of production, publication, distribution, manufacture Buenos Aires :
Name of producer, publisher, distributor, manufacturer Ediciones Macchi
Date of production, publication, distribution, manufacture, or copyright notice 1996
300 ## - PHYSICAL DESCRIPTION
Extent xx, 697 p.
Dimensions 24 cm.
505 ## - FORMATTED CONTENTS NOTE
Formatted contents note 1. Ambito continental - 2. Factores naturales indirectos autorrenovables - 3. Factores naturales directos o recursos naturales - 4. Regiones naturales - 5. Ambito insular - 6. Sector antártico - 7. El dominio del territorio nacional - 8. Desarrollo territorial del planeamiento argentino - 9. Estática demográfica - 10. Dinámica demográfica - 11. Aspectos cualitativos de la población demográfica - 12. Vivienda - 13. La pobreza en la Argentina - 14. Fundamentos de la actividad agropecuaria argentina - 15. La tecnología aplicada al agro - 16. Producción agropecuaria - 17. Cultivos industriales - 18. Frutas, hortalizas, legumbres y plntas forrajeras - 19. Producción ganadera - 20. Actividad ictícola.Pesca y caza marítima y fluvial(explotación de algas) - 21. Explotación forestal - 22. Minería - 23. Energía - 24. Actividad industrial - 25. Sistema nacional de transporte - 26. El comercio - 27. Turismo - 28. De la Argentina actual a la Argentina del futuro.
590 ## - LOCAL NOTE (RLIN)
Local note niveau_biblio:m niveau_hierar:0
700 1# - ADDED ENTRY--PERSONAL NAME
Personal name Carlevari, Ricardo D.
856 41 - ELECTRONIC LOCATION AND ACCESS
Uniform Resource Identifier <a href="https://biblioeco.unsa.edu.ar/pmb/images/libros/L70126.jpg">https://biblioeco.unsa.edu.ar/pmb/images/libros/L70126.jpg</a>
Link text Imagen de portada
Electronic format type image/jpeg
942 ## - ADDED ENTRY ELEMENTS (KOHA)
Koha item type
Existencias
Withdrawn status Lost status Damaged status Not for loan Home library Current library Shelving location Date acquired Total checkouts Full call number Barcode Date last seen Price effective from Koha item type
        Biblioteca Prof. Eusebio Cleto del Rey Biblioteca Prof. Eusebio Cleto del Rey   07/04/2026   911.3:33(82) C278e 12ed. L70126 07/04/2026 07/04/2026 Libro
        Biblioteca Prof. Eusebio Cleto del Rey Biblioteca Prof. Eusebio Cleto del Rey   07/04/2026   911.3:33(82) C278e 12ed. L70125 07/04/2026 07/04/2026 Libro
        Biblioteca Prof. Eusebio Cleto del Rey Biblioteca Prof. Eusebio Cleto del Rey   07/04/2026   911.3:33(82) C278e 12ed. L85397 07/04/2026 07/04/2026 Libro
        Biblioteca Prof. Eusebio Cleto del Rey Biblioteca Prof. Eusebio Cleto del Rey   07/04/2026   911.3:33(82) C278e 12ed. L85395 07/04/2026 07/04/2026 Libro
        Biblioteca Prof. Eusebio Cleto del Rey Biblioteca Prof. Eusebio Cleto del Rey   07/04/2026   911.3:33(82) C278e 12ed. L85396 07/04/2026 07/04/2026 Libro
        Biblioteca Prof. Eusebio Cleto del Rey Biblioteca Prof. Eusebio Cleto del Rey   07/04/2026   911.3:33(82) C278e 12ed. L85664 07/04/2026 07/04/2026 Libro